Las organizaciones: comportamiento, estructura, procesos
Salvato in:
| Autori principali: | , , |
|---|---|
| Natura: | Libro |
| Lingua: | spagnolo |
| Pubblicazione: |
Santiago
McGraw Hill
2001
|
| Edizione: | 10a. ed |
| Soggetti: | |
| Tags: |
Aggiungi Tag
Nessun Tag, puoi essere il primo ad aggiungerne!!
|
MARC
| LEADER | 00000cam a2200000 a 4500 | ||
|---|---|---|---|
| 001 | UCN4395 | ||
| 003 | CL-VaPUC | ||
| 008 | 010803e20010000CL |||||||||||||||||spa|d | ||
| 020 | |a 9562781585 | ||
| 082 | 0 | 4 | |a 658.402 |b GIB |2 21 |
| 100 | |a Gibson, James L |e author |9 561245 | ||
| 700 | |a Ivancevich, John M |e author |9 561246 | ||
| 700 | 0 | |a Donnelly, James H |e author |9 460751 | |
| 245 | 1 | 4 | |a Las organizaciones: comportamiento, estructura, procesos |
| 250 | |a 10a. ed | ||
| 300 | |a 591 p | ||
| 942 | |c BK | ||
| 945 | |d 20010803 00:00:00 |a vberengu | ||
| 260 | |a Santiago |b McGraw Hill |c 2001 | ||
| 650 | 0 | |a Organizaciones |9 337993 | |
| 650 | 0 | |a Motivación |9 315362 | |
| 650 | 0 | |a Comportamiento organizacional |9 311858 | |
| 650 | 0 | |a Operaciones administrativas |9 335045 | |
| 650 | 0 | |a Liderazgo |9 271835 | |
| 583 | |a last modification |c 20170223 01:27:47 |k Rodrigo Vera | ||
| 999 | |c 296641 |d 296639 | ||
| 952 | |0 0 |1 0 |4 0 |6 658_402000000000000_GIB_2001 |7 0 |8 A |9 350599 |a BIBING |b BIBING |d 2019-11-20 |i 3743918 |o 658.402 GIB 2001 |p 3743918 |r 2025-01-20 |w 2019-11-20 |y BK |k ING | ||
| 952 | |0 0 |1 0 |4 0 |6 658_402000000000000_GIB_2001 |7 0 |8 A |9 350600 |a BIBENE |b BIBENE |d 2019-11-20 |i 3950417 |o 658.402 GIB 2001 |p 3950417 |r 2025-01-15 |w 2019-11-20 |y BK |k ICO | ||
| 952 | |0 0 |1 0 |4 0 |6 658_402000000000000_GIB_2001 |7 0 |8 A |9 350601 |a BIBENE |b BIBENE |d 2019-11-20 |i 4171004 |o 658.402 GIB 2001 |p 4171004 |r 2025-01-15 |w 2019-11-20 |y BK |k ICO | ||
| 952 | |0 0 |1 0 |3 erb |4 0 |6 658_402000000000000_GIB_2001 |7 0 |8 A |9 350602 |a BIBENE |b BIBENE |i 5327539 |o 658.402 GIB 2001 |p 5327539 |r 2025-01-15 |w 2019-11-20 |y BK |z Catalogado en:20170226 |k ICO | ||